| 000 | 00448cam a2200145 i 4500 | ||
|---|---|---|---|
| 008 | 750214s1974 enka b 001 0 eng | ||
| 020 | _a0856546097 | ||
| 082 | 0 | 0 | _a769/.569 |
| 100 | 1 |
_aFinlay, William, _d1936-2007. |
|
| 245 | 1 | 3 |
_aAn illustrated history of stamp design / _cby William Finlay [i.e. J. A. Mackay]. |
| 260 |
_a[London] : _bPeter Lowe, _c[1974] |
||
| 500 | _aIncludes index. | ||
| 650 | 0 | _aPostage stamp design | |
| 650 | 0 | _aPostage stamps | |
| 999 |
_c2125 _d2125 |
||